| 000 | 01472nam0a2200289 4500 | ||
|---|---|---|---|
| 001 | RU\NLR\bibl\1780504 | ||
| 005 | 20250616134554.0 | ||
| 010 |
_a978-5-9902472-4-6 _9100 |
||
| 021 |
_aRU _b2011-38638 _92757 |
||
| 035 | _a(NLR Aleph) 001771260 | ||
| 090 |
_a1639328 _c1639328 |
||
| 100 | _a20110616d2010 |||y0rusy50 ca | ||
| 101 | 0 | _arus | |
| 102 | _aRU | ||
| 105 | _aa ||||||||| | ||
| 200 | 1 |
_aКонфликтология _eуправление персоналом _eуправление конфликтами _eучебное пособие _e[для студентов очной и заочной форм обучения] _fПашкова Анна Владимировна _gМ-во образования и науки Рос. Федерации, Рос. гос. социал. ун-т, Фил. в г. Ивантеевке Моск. обл., Каф. общ. гуманит., мат. и естественнонауч. дисциплин |
|
| 210 |
_aИвантеевка _cФутурис _d2010 |
||
| 215 |
_a117, [2] с. _cил. _d21 |
||
| 320 | _aБиблиогр.: с. 117 | ||
| 606 | 1 |
_aКонфликтология _jУчебные издания для высших учебных заведений _92095213 _3RU\NLR\auth\661267769 |
|
| 686 | _aС550.73я73 | ||
| 700 | 1 |
_aПашкова _bА. В. _gАнна Владимировна _4070 |
|
| 801 | 0 |
_aRU _bNLR _c20110616 _gRCR |
|
| 801 | 1 |
_aRU _bNLR _c20110616 |
|
| 942 | _cBOOK | ||
| 980 | _aNB | ||